Violence, Coercion, and State-Making in Twentieth-Century Mexico The Other Half of the Centaur (Registro nro. 40437)

Detalles MARC
000 -ENCABEZADO
Número de control [NR] 02008nam a2200229Ia 4500
008 - DE LONGITUD FIJA DE DATOS DE ELEMENTOS - INFORMACIÓN GENERAL
Elementos de longitud fija [NR] 130821s2012 xxua gr eng
020 ## - NUMERO INTERNACIONAL NORMALIZADO PARA LIBROS [R]
Número Internacional Normalizado del libro [NR] 9780804781589
Términos de disponibilidad [NR] cloth : alk. paper
040 ## - FUENTE DE CATALOGACION [NR]
Agencia de catalogación original [NR] Co-BoUCM
Idioma de catalogación [NR] spa
041 00 - CODIGO DE IDIOMA [R]
Código de idioma para texto/pista de sonido o título separado [R] Inglés
245 00 - MENCION DE TITULO [NR]
Título [NR] Violence, Coercion, and State-Making in Twentieth-Century Mexico The Other Half of the Centaur
Mención de responsabilidad, etc. [NR] editado por Wil G. Pansters
260 ## - PUBLICACION, DISTRIBUCION, ETC. (PIE DE IMPRENTA) [R]
Lugar de publicación, distribución, etc. [R] Standford (California, Estados Unidos)
Nombre del editor, distribuidor, etc. [R] Stanford University Press
Fecha de publicación, distribución, etc. [R] 2012
300 ## - DESCRIPCION FISICA [R]
Extensión [R] xxii, 378 páginas
Otros detalles físicos [NR] gráficas
504 ## - NOTA DE BIBLIOGRAFIA, ETC. [R]
Nota de bibliografía, etc. [NR]
505 0# - NOTA DE CONTENIDO CON FORMATO PREESTABLECIDO [R]
Nota de contenido con formato preestablecido [NR] Zones of state-making : violence, coercion, and hegemony in twentieth-century Mexico / Wil G. Pansters -- States, borders, and violence : lessons from the U.S.-Mexican experience / David A. Shirk -- Policing and regime transition : from postauthoritarianism to populism to neoliberalism / Diane E. Davis -- Who killed Crispi**n Aguilar? : violence and order in the postrevolutionary countryside / Paul Gillingham -- Narco-violence and the State in modern Mexico / Alan Knight -- States of violence : state-crime relations in Mexico / Mo**nica Serrano -- Policing new illegalities : piracy, raids, and madrinas / Jose** Carlos G. Aguiar -- The rise of gangsterism and charrismo : labor violence and the postrevolutionary Mexican state / Marcos Aguila and Jeffrey Bortz -- Political practice, everyday political violence, and electoral processes during the neoliberal period in Mexico / Kathy Powell -- Violence and reconstitution in Mexican indigenous communities / John Gledhill -- New violence, insecurity, and the State : comparative reflections on Latin America and Mexico / Kees Koonings.
650 04 - ASIENTO SECUNDARIO DE MATERIA - TERMINO TEMATICO [R]
Término temático o nombre geográfico como elemento de entrada [NR] Historia de América
9 (RLIN) 16931
650 04 - ASIENTO SECUNDARIO DE MATERIA - TERMINO TEMATICO [R]
Término temático o nombre geográfico como elemento de entrada [NR] Violencia
Subdivisión general [R] Aspectos políticos
Subdivisión geográfica [R] México
9 (RLIN) 422
651 #4 - ASIENTO SECUNDARIO DE MATERIA - NOMBRE GEOGRAFICO [R]
Nombre geográfico [NR] México
Subdivisión general [R] Historia
Subdivisión cronológica [R] Siglo XX
9 (RLIN) 61016
651 #4 - ASIENTO SECUNDARIO DE MATERIA - NOMBRE GEOGRAFICO [R]
Nombre geográfico [NR] México
Subdivisión general [R] Política y gobierno
Subdivisión cronológica [R] Siglo XX
9 (RLIN) 71503
700 1# - ASIENTO SECUNDARIO - NOMBRE PERSONAL [R]
Nombre personal [NR] Pansters, W. G.
Término de relación [R] editor
9 (RLIN) 160643
942 ## - ELEMENTOS DE ENTRADA AGREGADOS (KOHA)
Tipo de ítem principal el descrito en 300a Libro
Tema principal Historia
Edición 1
Parte restante de la signatura top. V795
Sistema de clasificación DEWEY
Clasificación 972.082
Existencias
Fecha de último préstamo Total préstamos Total Renewals Signatura topográfica Código de barras Última vez visto Ejemplar Price effective from Tipo de ítem Perdido Sistema de clasificación Dañado No prestable Tipo de ítem específico Suprimido Ubicación habitual Ubicación actual Localización Fecha de creación Forma de adquisición Costo
21/11/2018 4 3 972.082 V795 100128908 10/12/2025 Ej.1 03/02/2013 Libro   DEWEY     Libro   Claustro Claustro 2do piso 28/02/2013 Compra 114182.00